[Event "South Moravia Region-chT 2223"]
[Site "Czech Republic"]
[Date "2023.02.26"]
[Round "9.4"]
[White "Uhmann, Jan Jr"]
[Black "Rotrekl, Rostislav"]
[Result "1-0"]
[WhiteElo "1960"]
[BlackElo "1790"]
[PlyCount "51"]
[EventDate "2022.10.09"]
[EventType "team-tourn"]
[EventRounds "11"]
[EventCountry "CZE"]
[SourceTitle "EXT 2024"]
[Source "ChessBase"]
[SourceDate "2023.10.10"]
[SourceVersion "1"]
[SourceVersionDate "2023.10.10"]
[SourceQuality "1"]

1. e4 c5 2. Nf3 Nc6 3. c4 d6 4. d4 cxd4 5. Nxd4 Nf6 6. Nc3 g6 7. Be2 Bg7 8. Be3 Bd7 9. h3 Nxd4 10. Bxd4 Bc6 11. f4 0-0 12. Qd3 Qa5 13. a3 Bxe4 14. Qe3 Bc6 15. 0-0 e6 16. b4 Qc7 17. Bxa7 Nd7 18. Bd4 Bxd4 19. Qxd4 Qb6 20. Qxb6 Nxb6 21. b5 Bd7 22. Rfd1 Nxc4 23. Bxc4 Rfc8 24. Ne4 Rxc4 25. Nf6+ Kg7 26. Nxd7 1-0

[Event "South Moravia Region-chT 2223"]
[Site "Czech Republic"]
[Date "2023.01.29"]
[Round "7.4"]
[White "Uhmann, Jan Jr"]
[Black "Vrtal, Jaroslav"]
[Result "0-1"]
[WhiteElo "1960"]
[BlackElo "2001"]
[PlyCount "78"]
[EventDate "2022.10.09"]
[EventType "team-tourn"]
[EventRounds "11"]
[EventCountry "CZE"]
[SourceTitle "EXT 2024"]
[Source "ChessBase"]
[SourceDate "2023.10.10"]
[SourceVersion "1"]
[SourceVersionDate "2023.10.10"]
[SourceQuality "1"]

1. e4 c5 2. b3 e6 3. Bb2 a6 4. Nf3 Nc6 5. c4 d6 6. Nc3 Nf6 7. d4 cxd4 8. Nxd4 Be7 9. Be2 0-0 10. 0-0 Bd7 11. Nxc6 Bxc6 12. Qd4 Qa5 13. Bf3 b5 14. cxb5 axb5 15. b4 Qa6 16. Bd1 Qb7 17. Re1 Rfd8 18. Bb3 Bf8 19. f3 d5 20. e5 Nd7 21. Ne2 Nb6 22. a3 Nc4 23. Rec1 g6 24. Rc2 Bg7 25. f4 Rf8 26. Qf2 Nxb2 27. Rxb2 f6 28. Nd4 Bd7 29. Qe3 fxe5 30. fxe5 Qb6 31. Rc2 Bh6 32. Qd3 Rf4 33. Rc5 Re4 34. Nxb5 Rxb4 35. axb4 Rxa1+ 36. Kf2 Bf8 37. Nd6 Qxb4 38. Qc3 Qf4+ 39. Qf3 Qd4+ 0-1

[Event "CZE-chT2E 2223"]
[Site "Czech Republic"]
[Date "2023.01.22"]
[Round "7.7"]
[White "Uhmann, Jan Jr"]
[Black "Benes, Miroslav"]
[Result "1-0"]
[WhiteElo "1960"]
[BlackElo "1923"]
[PlyCount "73"]
[EventDate "2022.10.16"]
[EventType "team-tourn"]
[EventRounds "11"]
[EventCountry "CZE"]
[SourceTitle "EXT 2024"]
[Source "ChessBase"]
[SourceDate "2023.10.10"]
[SourceVersion "1"]
[SourceVersionDate "2023.10.10"]
[SourceQuality "1"]
[WhiteTeam "Brno VSK Univ"]
[BlackTeam "Kromeriz Slavia II"]
[WhiteTeamCountry "CZE"]
[BlackTeamCountry "CZE"]

1. e4 d6 2. d4 Nf6 3. Nc3 c6 4. f4 Qa5 5. Nf3 Nxe4 6. Bc4 Nxc3 7. Qd2 Qb4 8. Qxc3 Qxc3+ 9. bxc3 g6 10. Ng5 d5 11. Bd3 Bg7 12. Ba3 0-0 13. Kd2 Re8 14. Rae1 h6 15. Nf3 Bf8 16. Re3 Bf5 17. Bxf5 gxf5 18. g4 fxg4 19. Rg1 f5 20. Nh4 e6 21. Bxf8 Kxf8 22. Rge1 Nd7 23. Rxe6 Rxe6 24. Rxe6 Re8 25. Rxe8+ Kxe8 26. Nxf5 Nf6 27. Nxh6 Ne4+ 28. Kd3 g3 29. hxg3 Nxg3 30. c4 Nh5 31. f5 Nf6 32. cxd5 cxd5 33. Ke3 a5 34. Kf4 a4 35. Ng4 Ne4 36. Ke5 a3 37. Nf6+ 1-0

[Event "South Moravia Region-chT 2223"]
[Site "Czech Republic"]
[Date "2023.01.15"]
[Round "6.3"]
[White "Uhmann, Jan Jr"]
[Black "Parak, Dominik"]
[Result "1/2-1/2"]
[WhiteElo "1960"]
[BlackElo "2056"]
[PlyCount "121"]
[EventDate "2022.10.09"]
[EventType "team-tourn"]
[EventRounds "11"]
[EventCountry "CZE"]
[SourceTitle "EXT 2024"]
[Source "ChessBase"]
[SourceDate "2023.10.10"]
[SourceVersion "1"]
[SourceVersionDate "2023.10.10"]
[SourceQuality "1"]

1. e4 e6 2. d4 d5 3. exd5 exd5 4. Be3 Nf6 5. Nf3 Bd6 6. c4 dxc4 7. Bxc4 0-0 8. Nc3 Nc6 9. h3 b6 10. Qd2 Na5 11. Bd3 Be6 12. Ng5 Bc4 13. Nce4 Bxd3 14. Qxd3 Bb4+ 15. Kf1 g6 16. h4 Nxe4 17. Nxe4 Be7 18. Bh6 Re8 19. h5 Qd5 20. hxg6 fxg6 21. b4 Qc4 22. Qxc4+ Nxc4 23. Bf4 Rad8 24. Rd1 Rd7 25. d5 Rf8 26. g3 Rf5 27. Rc1 b5 28. a4 a6 29. axb5 axb5 30. Nc3 g5 31. Rh5 Nd6 32. Be3 Nc4 33. Bf4 Nd6 34. Bxd6 Bxd6 35. g4 Bf4 36. Ra1 Rff7 37. Rh3 Be5 38. Ra8+ Kg7 39. Ne4 Bf4 40. Rd3 Rfe7 41. Nc5 Rd6 42. Ne6+ Kf6 43. Rf8+ Kg6 44. Rh3 Rexe6 45. dxe6 Rxe6 46. Rh8 Re7 47. Rb8 Bd6 48. Rxb5 Re4 49. f3 Rxb4 50. Rxb4 Bxb4 51. Ke2 Bd6 52. Kd3 Bf4 53. Ke4 Bd6 54. Kd5 Bf4 55. Ke6 Bd6 56. Rh1 Bf4 57. Kd5 Bd6 58. Re1 Bg3 59. Re7 Bd6 60. Rd7 h5 61. gxh5+ 1/2-1/2

[Event "CZE-chT2E 2223"]
[Site "Czech Republic"]
[Date "2023.01.08"]
[Round "6.8"]
[White "Uhmann, Jan Jr"]
[Black "Lakatos, Tomas"]
[Result "1/2-1/2"]
[WhiteElo "1960"]
[BlackElo "2078"]
[PlyCount "28"]
[EventDate "2022.10.16"]
[EventType "team-tourn"]
[EventRounds "11"]
[EventCountry "CZE"]
[SourceTitle "EXT 2024"]
[Source "ChessBase"]
[SourceDate "2023.10.10"]
[SourceVersion "1"]
[SourceVersionDate "2023.10.10"]
[SourceQuality "1"]
[WhiteTeam "Brno VSK Univ"]
[BlackTeam "Orechov Orel"]
[WhiteTeamCountry "CZE"]
[BlackTeamCountry "CZE"]

1. e4 Nc6 2. d4 d6 3. f4 g6 4. Nf3 Bg7 5. c4 Bg4 6. d5 Nd4 7. Nbd2 e5 8. fxe5 Bxe5 9. Bd3 Nf6 10. Qa4+ Bd7 11. Qb4 a5 12. Qxb7 Rb8 13. Qa7 Ra8 14. Qb7 Rb8 1/2-1/2

[Event "CZE-chT2E 2223"]
[Site "Czech Republic"]
[Date "2022.11.20"]
[Round "3.7"]
[White "Vrtal, Jaroslav"]
[Black "Uhmann, Jan Jr"]
[Result "1/2-1/2"]
[WhiteElo "1980"]
[BlackElo "1960"]
[PlyCount "109"]
[EventDate "2022.10.16"]
[EventType "team-tourn"]
[EventRounds "11"]
[EventCountry "CZE"]
[SourceTitle "EXT 2024"]
[Source "ChessBase"]
[SourceDate "2023.10.10"]
[SourceVersion "1"]
[SourceVersionDate "2023.10.10"]
[SourceQuality "1"]
[WhiteTeam "Prusanky Podluzan"]
[BlackTeam "Brno VSK Univ"]
[WhiteTeamCountry "CZE"]
[BlackTeamCountry "CZE"]

1. d4 e6 2. Nf3 b6 3. e3 Bb7 4. Be2 Nf6 5. 0-0 c5 6. c4 cxd4 7. exd4 Bd6 8. Nc3 Nc6 9. a3 Ne7 10. Ne5 Rc8 11. Bf4 Bb8 12. b3 d6 13. Nf3 0-0 14. Rc1 Nf5 15. h3 Ne4 16. Nxe4 Bxe4 17. Ng5 d5 18. cxd5 Bxf4 19. Rxc8 Qxg5 20. Rxf8+ Kxf8 21. Bf3 Bxf3 22. Qxf3 Nxd4 23. Qd3 Qxd5 24. Qxh7 Ne2+ 25. Kh1 Bh6 26. Qc2 Nf4 27. f3 Qd3 28. Qxd3 Nxd3 29. Kh2 Ke7 30. g3 e5 31. b4 Nb2 32. Kg2 Nc4 33. Ra1 Bd2 34. h4 b5 35. a4 a6 36. axb5 axb5 37. g4 Bxb4 38. Ra7+ Ke6 39. g5 Bd2 40. Kh3 b4 41. Kg4 Nd6 42. Ra6 Kd5 43. h5 b3 44. Rb6 Kc4 45. f4 Bxf4 46. Rxd6 b2 47. Rb6 Kc3 48. Rc6+ Kd3 49. Rb6 Bc1 50. h6 gxh6 51. gxh6 Bxh6 52. Rxb2 e4 53. Rb7 e3 54. Kf3 f6 55. Rd7+ 1/2-1/2

[Event "CZE-chT2E 2122"]
[Site "Czech Republic"]
[Date "2021.10.17"]
[Round "1.8"]
[White "Hronek, Martin"]
[Black "Uhmann, Jan Jr"]
[Result "1/2-1/2"]
[WhiteElo "1935"]
[BlackElo "1963"]
[PlyCount "72"]
[EventDate "2021.10.17"]
[EventType "team-tourn"]
[EventRounds "11"]
[EventCountry "CZE"]
[SourceTitle "EXT 2024"]
[Source "ChessBase"]
[SourceDate "2023.10.10"]
[SourceVersion "1"]
[SourceVersionDate "2023.10.10"]
[SourceQuality "1"]
[WhiteTeam "Zlin"]
[BlackTeam "Brno VSK Univ"]
[WhiteTeamCountry "CZE"]
[BlackTeamCountry "CZE"]

1. e4 Nc6 2. d4 e5 3. Nf3 exd4 4. Bc4 Bc5 5. c3 d3 6. Qxd3 d6 7. 0-0 Be6 8. Bb5 Nge7 9. Be3 Bxe3 10. Qxe3 0-0 11. Nbd2 Ne5 12. Nd4 c6 13. Be2 Qb6 14. f4 Ng4 15. Qg3 Nf6 16. b3 c5 17. Nc2 Nxe4 18. Nxe4 Bf5 19. Nf6+ Kh8 20. Nh5 g6 21. Ne3 gxh5 22. c4 Rae8 23. Bf3 Rg8 24. Qh4 d5 25. Nxd5 Nxd5 26. Bxd5 Qg6 27. Rae1 Be4 28. Bxe4 Rxe4 29. Qf2 Rxf4 30. Qb2+ Rd4 31. Qe2 f6 32. Rf2 h4 33. Qf3 b6 34. Qxf6+ Qxf6 35. Rxf6 Rd2 36. Rf2 Rgd8 1/2-1/2

[Event "EU-ch Online U2300 Qual"]
[Site "Chess.com INT"]
[Date "2020.05.25"]
[Round "6"]
[White "Nareks, Matic"]
[Black "Uhmann, Jan Jr"]
[Result "0-1"]
[WhiteElo "2015"]
[BlackElo "2009"]
[PlyCount "66"]
[EventDate "2020.05.25"]
[EventType "swiss"]
[EventRounds "8"]
[EventCountry "NET"]
[SourceTitle "EXT 2021"]
[Source "ChessBase"]
[SourceDate "2020.10.23"]
[SourceVersion "1"]
[SourceVersionDate "2020.10.23"]
[SourceQuality "1"]

1. e4 e5 2. Nf3 Nc6 3. Bc4 Bc5 4. 0-0 Nf6 5. d3 d6 6. c3 Bg4 7. Nbd2 Qd7 8. Re1 Bb6 9. Nf1 0-0 10. h3 Bh5 11. Ng3 Bg6 12. Nh4 d5 13. exd5 Nxd5 14. Nxg6 hxg6 15. h4 Rad8 16. h5 gxh5 17. Qxh5 Nf6 18. Qe2 Na5 19. Bg5 Ng4 20. Rf1 Rde8 21. Bb5 Nc6 22. Bxc6 bxc6 23. a4 a5 24. Be3 Nxe3 25. fxe3 f5 26. Kh1 f4 27. exf4 exf4 28. Ne4 Re6 29. g3 Rh6+ 30. Kg2 Qh3+ 31. Kf3 fxg3+ 32. Nf6+ Rhxf6+ 33. Ke4 Re8# 0-1

[Event "EU-ch Online U2300 Qual"]
[Site "Chess.com INT"]
[Date "2020.05.25"]
[Round "1"]
[White "Uhmann, Jan Jr"]
[Black "Tomaszewski, Roman"]
[Result "0-1"]
[WhiteElo "2009"]
[BlackElo "2206"]
[PlyCount "94"]
[EventDate "2020.05.25"]
[EventType "swiss"]
[EventRounds "8"]
[EventCountry "NET"]
[SourceTitle "EXT 2021"]
[Source "ChessBase"]
[SourceDate "2020.10.23"]
[SourceVersion "1"]
[SourceVersionDate "2020.10.23"]
[SourceQuality "1"]

1. e4 Nf6 2. e5 Nd5 3. c4 Nb6 4. d4 d6 5. Nf3 Bg4 6. Be2 e6 7. 0-0 Be7 8. b3 0-0 9. Qc2 Nc6 10. exd6 cxd6 11. Bb2 Bf6 12. Rd1 d5 13. cxd5 Nxd5 14. Nbd2 Ncb4 15. Qb1 Bf5 16. Ne4 Rc8 17. Bd3 Be7 18. a3 Nxd3 19. Qxd3 Qb6 20. Nfd2 Rfd8 21. Nc4 Qa6 22. Qf3 Qb5 23. a4 Qe8 24. Rac1 Rc7 25. Ncd6 Bxd6 26. Nxd6 Rxd6 27. Rxc7 Nxc7 28. Qxb7 Nd5 29. Qxa7 Rd7 30. Qa5 Bc2 31. Rc1 Rc7 32. b4 Qb8 33. b5 Ra7 34. Qd2 Bxa4 35. Ra1 Bxb5 36. Rxa7 Qxa7 37. h3 h6 38. Kh2 Qa4 39. Qc1 Qc4 40. Qa1 Qe2 41. Qa8+ Kh7 42. Bc1 Qe4 43. Qb8 Bf1 44. Qg3 Qg6 45. Qf3 Bd3 46. Bf4 Be4 47. Qg3 Nxf4 0-1

[Event "CZE-chT2E 1718"]
[Site "Czech Republic"]
[Date "2018.01.28"]
[Round "7.6"]
[White "Uhmann, Jan Jr"]
[Black "Handl, Martin"]
[Result "0-1"]
[WhiteElo "2088"]
[BlackElo "2040"]
[PlyCount "50"]
[EventDate "2017.10.15"]
[EventType "team-tourn"]
[EventRounds "11"]
[EventCountry "CZE"]
[SourceTitle "EXT 2022"]
[Source "ChessBase"]
[SourceDate "2021.10.06"]
[SourceVersion "1"]
[SourceVersionDate "2021.10.06"]
[SourceQuality "1"]
[WhiteTeam "Brno VSK Univ"]
[BlackTeam "Lipovec Garde"]
[WhiteTeamCountry "CZE"]
[BlackTeamCountry "CZE"]

1. e4 c5 2. Nf3 d6 3. c3 Nf6 4. Bd3 Nc6 5. Bc2 g6 6. d4 cxd4 7. cxd4 Bg7 8. d5 Nb8 9. h3 0-0 10. 0-0 Nbd7 11. Nc3 a6 12. Be3 Ne5 13. Qe2 Nxf3+ 14. Qxf3 Nd7 15. Rac1 b5 16. Bb1 Ne5 17. Qd1 Nc4 18. Qe2 Nxe3 19. Qxe3 b4 20. Na4 Bd7 21. Nb6 Rb8 22. Nc4 Bb5 23. b3 Rc8 24. Bd3 Rc5 25. Rfd1 Qc7 0-1

[Event "CZE-chT2E 1718"]
[Site "Czech Republic"]
[Date "2017.12.17"]
[Round "5.5"]
[White "Benes, Miroslav"]
[Black "Uhmann, Jan Jr"]
[Result "1-0"]
[WhiteElo "1988"]
[BlackElo "2088"]
[PlyCount "115"]
[EventDate "2017.10.15"]
[EventType "team-tourn"]
[EventRounds "11"]
[EventCountry "CZE"]
[SourceTitle "EXT 2022"]
[Source "ChessBase"]
[SourceDate "2021.10.06"]
[SourceVersion "1"]
[SourceVersionDate "2021.10.06"]
[SourceQuality "1"]
[WhiteTeam "Kromeriz Slavia II"]
[BlackTeam "Brno VSK Univ"]
[WhiteTeamCountry "CZE"]
[BlackTeamCountry "CZE"]

1. c4 Nc6 2. Nc3 e5 3. g3 Bb4 4. Bg2 Nge7 5. Nd5 Nxd5 6. cxd5 Ne7 7. Nf3 Nxd5 8. Qb3 e4 9. Nd4 c6 10. Bxe4 Qb6 11. Bxd5 Qxd4 12. Bxf7+ Ke7 13. 0-0 d5 14. Bh5 Bd6 15. d3 Qe5 16. Bf3 g5 17. d4 Qxd4 18. Bxg5+ Kd7 19. e4 Qg7 20. Bd2 d4 21. Bg2 h5 22. h4 Kc7 23. a4 Bg4 24. Ba5+ b6 25. Bd2 Be2 26. Rfe1 d3 27. Bc3 Be5 28. Bxe5+ Qxe5 29. Qf7+ Kd6 30. Qg6+ Kc7 31. Qf7+ Kd6 32. Qc4 Rhg8 33. b4 d2 34. Qxe2 dxe1Q+ 35. Rxe1 Kc7 36. Qc4 Rad8 37. Rc1 Kb8 38. a5 b5 39. Qb3 Rgf8 40. Qe3 Qb2 41. Rf1 Qd4 42. Qh6 Rf6 43. Qxh5 Rg8 44. a6 Rxg3 45. Qe8+ Kc7 46. Qe7+ Kc8 47. Qb7+ Kd8 48. Qb8+ Ke7 49. Qxg3 Qxb4 50. Qg7+ Rf7 51. Qe5+ Kf8 52. Qh8+ Ke7 53. Qe5+ Kf8 54. h5 Kg8 55. Rd1 Qe7 56. Qxe7 Rxe7 57. Rd8+ Kg7 58. Rb8 1-0

[Event "Brno CEZ op"]
[Site "Brno"]
[Date "2014.08.29"]
[Round "7"]
[White "Uhmann, Jan Jr"]
[Black "Stehlik, Jiri"]
[Result "1-0"]
[WhiteElo "2048"]
[BlackElo "1945"]
[PlyCount "83"]
[EventDate "2014.08.24"]
[EventType "swiss"]
[EventRounds "9"]
[EventCountry "CZE"]
[SourceTitle "CBM 162 Extra"]
[Source "ChessBase"]
[SourceDate "2014.10.17"]
[SourceVersion "1"]
[SourceVersionDate "2014.10.17"]
[SourceQuality "1"]

1. e4 d6 2. d4 Nf6 3. Bd3 g6 4. f4 Bg7 5. Nf3 0-0 6. c3 c5 7. e5 Nd5 8. Qb3 dxe5 9. Be4 e6 10. fxe5 cxd4 11. Bg5 f6 12. exf6 Bxf6 13. Bxf6 Rxf6 14. cxd4 Nc6 15. Nc3 Na5 16. Qc2 Nc6 17. h4 Ne3 18. Qd2 Nf5 19. Bxc6 bxc6 20. Ne4 Rf8 21. h5 e5 22. dxe5 Qxd2+ 23. Kxd2 g5 24. Nfxg5 h6 25. Nf3 Be6 26. g4 Ng3 27. Nf6+ Rxf6 28. exf6 Nxh1 29. Rxh1 Bxa2 30. Ne5 Bd5 31. Rf1 Rf8 32. b4 Rb8 33. f7+ Bxf7 34. Nxf7 Kg7 35. Ne5 Rxb4 36. Rf7+ Kg8 37. Rxa7 Re4 38. Re7 c5 39. Kd3 Rd4+ 40. Ke3 Ra4 41. Rc7 Ra5 42. Kf4 1-0

[Event "Brno CEZ op"]
[Site "Brno"]
[Date "2014.08.28"]
[Round "6"]
[White "Hajek, Oskar"]
[Black "Uhmann, Jan Jr"]
[Result "1-0"]
[WhiteElo "2061"]
[BlackElo "2048"]
[PlyCount "107"]
[EventDate "2014.08.24"]
[EventType "swiss"]
[EventRounds "9"]
[EventCountry "CZE"]
[SourceTitle "CBM 162 Extra"]
[Source "ChessBase"]
[SourceDate "2014.10.17"]
[SourceVersion "1"]
[SourceVersionDate "2014.10.17"]
[SourceQuality "1"]

1. e4 e5 2. Nf3 Nc6 3. Bb5 Nf6 4. 0-0 Bc5 5. c3 Nxe4 6. Qe2 Ng5 7. Nxg5 Qxg5 8. d4 Qe7 9. dxc5 Qxc5 10. b4 Qe7 11. Bxc6 bxc6 12. f4 e4 13. Re1 f5 14. a4 a5 15. b5 cxb5 16. axb5 Bb7 17. Ba3 Qe6 18. Nd2 Kf7 19. c4 a4 20. Bb2 Rhd8 21. Qh5+ Kg8 22. Nf3 Qg6 23. Qxg6 hxg6 24. Ne5 d5 25. Nxg6 Kf7 26. Ne5+ Ke6 27. cxd5+ Rxd5 28. Nc6 Bxc6 29. bxc6 g6 30. Be5 Ra7 31. Reb1 Ra6 32. Rb7 Rxc6 33. Rxc7 Rxc7 34. Bxc7 Rc5 35. Be5 Rc4 36. Ra2 Kd5 37. Rd2+ Kc5 38. Kf2 Rc1 39. h3 Kc4 40. Rd6 Rc2+ 41. Kg3 e3 42. Rxg6 Kd3 43. h4 a3 44. h5 Rc1 45. Rd6+ Ke2 46. Ra6 Kd2 47. Rd6+ Ke2 48. h6 Rh1 49. Ra6 Kd2 50. Rxa3 e2 51. Bc3+ Kd3 52. Be1+ Ke4 53. Kf2 Kxf4 54. Rh3 1-0

[Event "Brno CEZ op"]
[Site "Brno"]
[Date "2014.08.27"]
[Round "5"]
[White "Uhmann, Jan Jr"]
[Black "Skacelik, Petr"]
[Result "1-0"]
[WhiteElo "2048"]
[BlackElo "2173"]
[PlyCount "75"]
[EventDate "2014.08.24"]
[EventType "swiss"]
[EventRounds "9"]
[EventCountry "CZE"]
[SourceTitle "CBM 162 Extra"]
[Source "ChessBase"]
[SourceDate "2014.10.17"]
[SourceVersion "1"]
[SourceVersionDate "2014.10.17"]
[SourceQuality "1"]

1. e4 d6 2. d4 Nf6 3. Bd3 e5 4. c3 g6 5. Bg5 Bg7 6. Ne2 h6 7. Bh4 g5 8. Bg3 Nh5 9. Qb3 Nd7 10. f3 Qe7 11. Bf2 Nf8 12. d5 Ng6 13. Bb5+ Kf8 14. Nd2 a6 15. Bd3 Nhf4 16. Nxf4 Nxf4 17. Bf1 Bf6 18. g3 Ng6 19. 0-0-0 Kg7 20. Nc4 g4 21. Be2 Bg5+ 22. Kc2 h5 23. Rdf1 f5 24. Ne3 Bxe3 25. Bxe3 c6 26. fxg4 fxg4 27. Rf2 cxd5 28. Qxd5 Rf8 29. Rhf1 Be6 30. Qd2 Rxf2 31. Rxf2 Qd7 32. Bh6+ Kg8 33. Qg5 Qa4+ 34. Kc1 Kh7 35. Qxh5 Qxe4 36. Rf6 Re8 37. Bg5+ Kg7 38. Qh6+ 1-0

[Event "Brno CEZ op"]
[Site "Brno"]
[Date "2014.08.24"]
[Round "2"]
[White "Kratochvil, Josef"]
[Black "Uhmann, Jan Jr"]
[Result "1-0"]
[WhiteElo "2269"]
[BlackElo "2048"]
[PlyCount "65"]
[EventDate "2014.08.24"]
[EventType "swiss"]
[EventRounds "9"]
[EventCountry "CZE"]
[SourceTitle "CBM 162 Extra"]
[Source "ChessBase"]
[SourceDate "2014.10.17"]
[SourceVersion "1"]
[SourceVersionDate "2014.10.17"]
[SourceQuality "1"]

1. d4 d5 2. Nf3 Bf5 3. c4 e6 4. Nc3 Nc6 5. Bf4 Bb4 6. e3 Nge7 7. Rc1 0-0 8. a3 Bxc3+ 9. Rxc3 dxc4 10. Rxc4 Nd5 11. Bg3 Na5 12. Rc1 b6 13. b4 Nb7 14. Be2 Qe7 15. Nd2 Nd6 16. Bxd6 Qxd6 17. e4 Nf4 18. exf5 Nxg2+ 19. Kf1 Nh4 20. f6 Qxd4 21. Nf3 Qxf6 22. Nxh4 Rad8 23. Qb3 Qxh4 24. Rxc7 Rd2 25. Rg1 Qxh2 26. Qc3 Qh6 27. Rxg7+ Qxg7 28. Qxd2 Qa1+ 29. Rc1 Qe5 30. Rc3 a5 31. b5 Kh8 32. Rg3 Qe4 33. Qh6 1-0

[Event "Brno CEZ op"]
[Site "Brno"]
[Date "2014.08.24"]
[Round "1"]
[White "Uhmann, Jan Jr"]
[Black "Prokop, Jiri"]
[Result "1-0"]
[WhiteElo "2048"]
[BlackElo "1693"]
[PlyCount "75"]
[EventDate "2014.08.24"]
[EventType "swiss"]
[EventRounds "9"]
[EventCountry "CZE"]
[SourceTitle "CBM 162 Extra"]
[Source "ChessBase"]
[SourceDate "2014.10.17"]
[SourceVersion "1"]
[SourceVersionDate "2014.10.17"]
[SourceQuality "1"]

1. e4 d6 2. d4 Nf6 3. Nc3 g6 4. f4 Bg7 5. Nf3 c6 6. b3 a6 7. Bb2 b5 8. Bd3 0-0 9. e5 Nd5 10. Nxd5 cxd5 11. a4 b4 12. c4 e6 13. c5 dxc5 14. dxc5 Nc6 15. Nd4 Bb7 16. Nxc6 Bxc6 17. a5 Qc7 18. Bd4 Rfb8 19. h4 f5 20. g4 Bb5 21. h5 Bxd3 22. Qxd3 Qf7 23. gxf5 exf5 24. Ra2 Qe6 25. Rg1 gxh5 26. Rag2 Rb7 27. Rg5 Rf8 28. Qh3 h6 29. Rg6 Qe8 30. e6 Rff7 31. c6 Rbc7 32. Be5 Rfe7 33. Bxc7 Rxc7 34. Qg3 Kf8 35. Rxg7 Qxe6+ 36. Kd2 Rf7 37. Rxf7+ Qxf7 38. c7 1-0

[Event "Brno Duras op-A"]
[Site "Brno"]
[Date "2014.07.05"]
[Round "8"]
[White "Uhmann, Jan Jr"]
[Black "Pokorny, Petr"]
[Result "1/2-1/2"]
[WhiteElo "2042"]
[BlackElo "2178"]
[PlyCount "48"]
[EventDate "2014.06.28"]
[EventType "swiss"]
[EventRounds "9"]
[EventCountry "CZE"]
[SourceTitle "CBM 161 Extra"]
[Source "ChessBase"]
[SourceDate "2014.08.29"]
[SourceVersion "1"]
[SourceVersionDate "2014.08.29"]
[SourceQuality "1"]

1. e4 c5 2. c3 d5 3. exd5 Qxd5 4. d4 g6 5. Nf3 Bg7 6. Be3 cxd4 7. cxd4 Nf6 8. Nc3 Qa5 9. Bc4 0-0 10. 0-0 Nbd7 11. Qd2 Qd8 12. d5 Nb6 13. Bb3 Bf5 14. Rac1 Ne4 15. Nxe4 Bxe4 16. Ng5 Bf5 17. Rfe1 Rc8 18. Bc5 Bf6 19. Ne4 Bxe4 20. Rxe4 Rc7 21. Ree1 Qd7 22. Be3 Rfc8 23. Rxc7 Rxc7 24. Rc1 Qc8 1/2-1/2

[Event "Brno Duras op-A"]
[Site "Brno"]
[Date "2014.07.03"]
[Round "6"]
[White "Uhmann, Jan Jr"]
[Black "Blahynka, Martin"]
[Result "0-1"]
[WhiteElo "2042"]
[BlackElo "2203"]
[PlyCount "46"]
[EventDate "2014.06.28"]
[EventType "swiss"]
[EventRounds "9"]
[EventCountry "CZE"]
[SourceTitle "CBM 161 Extra"]
[Source "ChessBase"]
[SourceDate "2014.08.29"]
[SourceVersion "1"]
[SourceVersionDate "2014.08.29"]
[SourceQuality "1"]

1. e4 c5 2. Nf3 Nc6 3. d4 cxd4 4. Nxd4 g6 5. Be3 Bg7 6. c3 Nf6 7. Nd2 0-0 8. f4 d5 9. Nxc6 bxc6 10. Qa4 dxe4 11. Nxe4 Nd5 12. Bd4 Bxd4 13. Qxd4 Nxf4 14. 0-0-0 Bg4 15. Rd2 Qc7 16. g3 Ne6 17. Nf6+ exf6 18. Qxg4 Rfd8 19. Bg2 Rxd2 20. Kxd2 Qb6 21. Kc1 Qe3+ 22. Kb1 Rb8 23. Rc1 Qf2 0-1

[Event "Brno Duras op-A"]
[Site "Brno"]
[Date "2014.07.02"]
[Round "5"]
[White "Kredl, Karel"]
[Black "Uhmann, Jan Jr"]
[Result "1/2-1/2"]
[WhiteElo "2088"]
[BlackElo "2042"]
[PlyCount "42"]
[EventDate "2014.06.28"]
[EventType "swiss"]
[EventRounds "9"]
[EventCountry "CZE"]
[SourceTitle "CBM 161 Extra"]
[Source "ChessBase"]
[SourceDate "2014.08.29"]
[SourceVersion "1"]
[SourceVersionDate "2014.08.29"]
[SourceQuality "1"]

1. d4 d5 2. c4 e6 3. Nf3 Nf6 4. g3 c6 5. Qc2 Ne4 6. Bg2 Bb4+ 7. Nbd2 Nd7 8. 0-0 f5 9. Nxe4 fxe4 10. Ng5 Nf6 11. f3 h6 12. Nh3 0-0 13. Be3 exf3 14. exf3 dxc4 15. Qxc4 Nd5 16. Bf4 Bd7 17. Be5 Qb6 18. Qd3 c5 19. a3 Ba5 20. dxc5 Qxc5+ 21. Bd4 Qxd4+ 1/2-1/2

[Event "Brno Duras op-A"]
[Site "Brno"]
[Date "2014.07.01"]
[Round "4"]
[White "Uhmann, Jan Jr"]
[Black "Hrdlicka, Vladan"]
[Result "1-0"]
[WhiteElo "2042"]
[BlackElo "1821"]
[PlyCount "69"]
[EventDate "2014.06.28"]
[EventType "swiss"]
[EventRounds "9"]
[EventCountry "CZE"]
[SourceTitle "CBM 161 Extra"]
[Source "ChessBase"]
[SourceDate "2014.08.29"]
[SourceVersion "1"]
[SourceVersionDate "2014.08.29"]
[SourceQuality "1"]

1. e4 c5 2. Nf3 d6 3. d4 cxd4 4. Nxd4 Nf6 5. Nc3 a6 6. Bc4 e6 7. a3 Be7 8. 0-0 0-0 9. f4 b5 10. Bb3 Bb7 11. Qf3 d5 12. e5 Ne4 13. Nxe4 dxe4 14. Qf2 Bc5 15. Be3 Qb6 16. c3 Nc6 17. Rae1 Na5 18. Bc2 Nc4 19. b4 Be7 20. Nf5 Qc7 21. Nxe7+ Kh8 22. Bc5 Rfe8 23. Bxe4 Rxe7 24. Bxb7 Qxb7 25. Bxe7 Qxe7 26. Rd1 h6 27. Rd4 Nxa3 28. Rfd1 Nc4 29. Rd7 Qe8 30. Qc5 Nb2 31. R1d4 Na4 32. Qc7 Kh7 33. Rxf7 Kg6 34. Rxg7+ Kf5 35. Qb7 1-0

[Event "Brno Duras op-A"]
[Site "Brno"]
[Date "2014.06.29"]
[Round "2"]
[White "Uhmann, Jan Jr"]
[Black "Bures, Vit"]
[Result "1/2-1/2"]
[WhiteElo "2042"]
[BlackElo "2166"]
[PlyCount "72"]
[EventDate "2014.06.28"]
[EventType "swiss"]
[EventRounds "9"]
[EventCountry "CZE"]
[SourceTitle "CBM 161 Extra"]
[Source "ChessBase"]
[SourceDate "2014.08.29"]
[SourceVersion "1"]
[SourceVersionDate "2014.08.29"]
[SourceQuality "1"]

1. e4 c5 2. Nf3 d6 3. d4 cxd4 4. Nxd4 Nf6 5. Nc3 a6 6. a4 Nc6 7. Bc4 e6 8. Be3 Be7 9. 0-0 0-0 10. f4 d5 11. Nxc6 bxc6 12. e5 Nd7 13. Bd3 c5 14. Bf2 c4 15. Be2 Rb8 16. Rb1 Qa5 17. Bd4 Bc5 18. Kh1 Bxd4 19. Qxd4 Qc5 20. Rfd1 Qxd4 21. Rxd4 Nc5 22. Bd1 Bd7 23. b3 cxb3 24. cxb3 a5 25. b4 axb4 26. Rdxb4 Rxb4 27. Rxb4 Ra8 28. Kg1 Kf8 29. Bc2 Ke7 30. Kf2 Rc8 31. Nb5 Na6 32. Rb2 Rc4 33. Ke3 Nb4 34. Bb1 Nc6 35. Bc2 Nb4 36. Bb1 Nc6 1/2-1/2